Villes de Corse - Click Quiz - Statistiques

Statistiques générales
  • Ce quiz a été pris 288 fois
  • Le résultat moyen est 12 sur 16
Statistiques - réponses
Hint Réponse % Correct
Porto-Vecchio Corse-du-Sud
92%
Ajaccio Corse-du-Sud
91%
Bonifacio Corse-du-Sud
91%
Calvi Haute-Corse
88%
Propriano Corse-du-Sud
86%
l'Île Rousse Haute-Corse
84%
Corte Haute-Corse
83%
Sartène Corse-du-Sud
80%
Borgo Haute-Corse
80%
Furiani Haute-Corse
79%
Biguglia Haute-Corse
73%
Zonza Corse-du-Sud
68%
Grosseto-Prugna Corse-du-Sud
63%
Penta-di-Casinca Haute-Corse
62%
Lecci Corse-du-Sud
59%
Ghisonaccia Haute-Corse
55%
Aucun quiz correspondant
Distribution des résultats
% des personnes avec chaque résultat
Percentile par nombre de réponses
Votre historique - résultats
Vous n’avez pas pris ce quiz